000 00491nam a2200193Ia 4500
005 20260429112122.0
008 260429s9999||||xx |||||||||||||| ||und||
020 _a9789362715319
041 _aEnglish
082 _a301.2
_bCHA
100 _aChandra, Harish
245 0 _aCultural anthropology /
_cHarish Chandra
250 _a1st ed.
260 _aNew Delhi :
_bVenus Publications,
_c2024.
300 _av, 318 p.; hb
650 _a Culture
650 _aAnthropology
942 _cTB
999 _c52451
_d52451